000 00505nam a22001697a 4500
005 20251108164221.0
008 250721s1982 xx 000 0 ara d
082 1 4 _a617.6/سعي
100 1 _aالسعيد، عبد الله عبد الرزاق
245 1 0 _aالسواك و العناية بالأسنان /
264 1 _aالرياض :
_bدار السعودية،
_c1982.
300 _a238ص : مص
650 1 7 _aالأسنان
650 1 7 _aطب الأسنان
942 _2ddc
_cBK
999 _c6606
_d6606